| 000 | 00399nam a22001457a 4500 | ||
|---|---|---|---|
| 020 | _a81-7648-588-8 | ||
| 082 |
_a910.161 _bNIL/G |
||
| 100 | _aNilofar Izhar | ||
| 245 |
_aGeography and Health: _ba study in medical geography/ _cby Nilofar Izhar |
||
| 260 |
_aNew Delhi: _bA.P.H.Publishing Corporation, _c2014. |
||
| 300 | _a379.p | ||
| 650 | _aMedical Geography | ||
| 650 | _aGeography | ||
| 942 | _cBK | ||
| 999 |
_c52155 _d52155 |
||